000 01176nam a2200325 a 4500
001 vtls000184029
003 NLI
005 20210602111253.0
008 101125s2007 enka 001 0 eng
020 _a9780230507647 :
_cPND 50.00
039 9 _y201011252215
_zVLOAD
040 _aNLI
_beng
_cDatasoft 1
_eAACR2
041 0 _aeng
044 _aenk
082 0 4 _a333.79240941
245 0 0 _aNuclear or not :
_bdoes nuclear power have a place in a sustainable energy future /
_cedited by David Elliott
246 0 _aDoes nuclear power have a place in a sustainable energy future
260 _aBasingstoke :
_bPalgrave Macmillian,
_c2007
300 _axxiv, 257 p. :
_bill. ;
_c23 cm.
440 0 _aEnergy, climate and the environment series
_9359447
500 _aIncludes index
650 0 _aNuclear industry
_xEnvironmental aspects
_zGreat Britain
_9359448
650 0 _aNuclear power plants
_xEnvironmental aspects
_zGreat Britain
_9359449
700 1 _aElliott, David,
_d1943-,
_4edt
_9282649
887 _a
901 _a558443
_b13.02.2008
902 _aE 333.79240941 N 883
942 _2ddc
_cBKS
949 _AVIRTUAITEM
_D10000
_X100
_6PUR000558443ENG
999 _aVIRTUA40
_c190826
_d190826